Účinek ledku (LAV 27,5) s bórem na výnos ozimné řepky

Bibliographic Details
Main Author: Svatoň, František (Author)
Format: Article
Language:Slovak
Czech
PhysicalDescription:Tb. 3.
Subjects:

MARC

LEADER 00000nab a2200000 a 4500
001 vtls000433051
003 SK-MaSNL
005 20260305000824.0
008 250424c1991 xo 0 slo
015 |a SNBRB19rr/mm-uuuuu 
035 |a CL0433179 
035 |a urn:nbn:sk:snk-abbm7i 
035 |a (urnnbn)urn:nbn:sk:snk:ar-0062og 
035 |a (uuid)c14b9802-c7c9-46c1-b7e6-5b10dcad164a 
040 |a SNKBUCL  |b slo  |c SNKBUCL  |e AACR2 
041 0 |a cze 
044 |a xo  |c SK 
080 |a 631.84+546.27:633.85  |2 1981 
080 |a 546.27  |2 1981 
080 |a 633.85  |2 1981 
100 1 |a Svatoň, František  |4 aut  |9 1369950 
245 1 0 |a Účinek ledku (LAV 27,5) s bórem na výnos ozimné řepky  |c František Svatoň 
300 |b Tb. 3. 
650 0 7 |a repka olejná  |2 snkbucl  |9 56830 
650 0 7 |a dusičnan amónny  |2 snkbucl  |9 103123 
650 0 7 |a bór  |2 snkbucl  |9 23671 
655 7 |a články z novín a časopisov  |2 snkbucl  |9 267496 
773 0 |t Agrochémia  |g Roč. 31, č. 8 (1991), s. 172-174 
850 |a Slovenská národná knižnica 
852 |a Slovenská národná knižnica 
954 |a odborná, vedecká literatúra cudzojazyčná (svetová)  |2 lita 
954 |a odborná, vedecká literatúra pôvodná (slovenská)  |2 lita 
958 |a article15 
958 |a OND 
958 |a RK 
958 |a EUIPO 
992 |a RBX 
999 |c 3215751  |d 3217681